Statistics for Pairs #22

Click here to take the quiz!

General Stats

  • This quiz has been taken 44 times
  • The average score is 18 of 25

Answer Stats

HintAnswer% Correct
PsQs
97%
PotsPans
94%
RulesRegulations
94%
BabyBathwater
92%
NutsBolts
92%
ForeignDomestic
92%
PrimProper
89%
HotBothered
86%
BackForward
86%
HighLow
86%
WhingeWhine
86%
ForeverA day
83%
MomPop
83%
AcesSpaces
81%
BreadCheese
72%
AllSome
67%
BoundDetermined
64%
HeatEat
61%
CatchKill
61%
MurderMayhem
61%
BoxCox
58%
CakeWine
58%
ShuckJive
42%
ThickThreefold
42%
RockRye
17%

Score Distribution

Percentile by Number Answered

Percent of People with Each Score

Your Score History

You have not taken this quiz